Statistics for NFL Hall of Fame Runningbacks

Click here to take the quiz!

General Stats

  • This quiz has been taken 124 times
  • The average score is 18 of 32

Answer Stats

Primary Team(s)AnswerYears Active% Correct
Detroit LionsBarry Sanders1989-1998
98%
Cleveland BrownsJim Brown1957-1965
97%
Dallas CowboysEmmitt Smith1990-2004
95%
Chicago BearsWalter Payton1975-1987
89%
Pittsburgh SteelersJerome Bettis1993-2005
89%
Los Angeles RaidersMarcus Allen1982-1997
87%
St. Louis RamsMarshall Faulk1994-2005
86%
Pittsburgh SteelersFranco Harris1972-1984
85%
San Diego ChargersLaDanian Tomlinson2001-2011
85%
Indianapolis Colts/Los Angeles RamsEric Dickerson1983-1993
85%
Buffalo BillsO.J. Simpson1969-1979
82%
Houston OilersEarl Campbell1978-1985
81%
New York JetsCurtis Martin1995-2005
79%
Denver BroncosTerrell Davis1995-2001
79%
Miami DolphinsLarry Csonka1968-1979
77%
Dallas CowboysTony Dorsett1977-1988
74%
Chicago BearsGale Sayers1965-1971
70%
Buffalo BillsThurman Thomas1988-2000
70%
New York Jets/Washington RedskinsJohn Riggins1971-1985
64%
Green Bay PackersJim Taylor1958-1967
41%
Green Bay PackersPaul Hornung1957-1966
39%
New York GiantsFrank Gifford1952-1964
26%
Pittsburgh SteelersJohn Henry Johnson1954-1966
25%
Cleveland BrownsMarion Motley1946-1953
23%
Baltimore ColtsLenny Moore1956-1967
22%
Denver BroncosFloyd Little1967-1975
22%
Detroit LionsDoak Walker1950-1955
20%
San Francisco 49ersJoe Perry1948-1963
14%
Cleveland BrownsLeroy Kelly1964-1973
14%
San Francisco 49ersHugh McElhenny1952-1964
9%
Chicago Cardinals/Los Angeles RamsOllie Matson1952-1966
6%
Chicago CardinalsCharley Trippi1947-1955
4%

Score Distribution

Percentile by Number Answered

Percent of People with Each Score

Your Score History

You have not taken this quiz